000 00882nam a2200277 a 4500
001 BRCA_174
005 20190320202917.0
008 930408s1990 mx-a---##b---#000-0#spa-#
020 _a9686113053
040 _aDLC
_cDLC
041 _aspa
044 _amx
050 4 _aF1219.73
_b.G37 1990
100 1 _aGarcía Moll, Roberto
_9642
245 1 0 _aEl tesoro de Moctezuma
_cRoberto García Moll, Felipe Solís, Jaime Bali.
260 _aMéxico
_bChrysler México
_c1990
300 _a205 p.
_bil.
_c32 cm.
440 0 _aColección editorial de arte Chrysler
_9643
504 _aBibliografía: p. 201-202
600 1 4 _aMoctezuma II
_cEmperador de México
_dca. 1480-1520
_9644
650 1 4 _aAztecas
_xAntigüedades
_9645
651 4 _aMéxico
_xHistoria
_yConquista, 1519-1540
_9442
700 1 _aSolís, Felipe
_ecoaut.
_9646
700 1 _aBali, Jaime
_ecoaut.
_9647
942 _2lcc
_cB
999 _c147
_d147